| 000 | 00653nam a2200229 a 4500 | ||
|---|---|---|---|
| 005 | 20210219153235.0 | ||
| 008 | 991125n 000 0 eng u | ||
| 035 | _aUPN01000085288 | ||
| 100 | _aMitchell, Douglas E. | ||
| 222 | _aEDUCATIONAL LEADERSHIP | ||
| 245 | _aLeadership as a way of thinking / Douglas E. Mitchell, Sharon Trucker | ||
| 300 | _a30-35 | ||
| 362 | _a1992 49, no. 5 | ||
| 653 | 0 | _aADMINISTRACION ESCOLAR | |
| 653 | 0 | _aEFICACIA DEL ADMINISTRADOR | |
| 653 | 0 | _aLIDERAZGO | |
| 653 | 0 | _aPARTICIPACION DEL MAESTRO | |
| 653 | 0 | _aSUPERVISION | |
| 700 | _aTrucker, Sharon, coaut. | ||
| 904 |
_aAC _b023099 |
||
| 905 | _aArticulo | ||
| 999 |
_c71799 _d71799 |
||